Szemle. Érdemes - nem érdemes? Lehet - nem lehet? Kisebbségi létértelmezések, 1937-1987-1995. Mentor Kiadó, Marosvásárhely, 1995
Elmentve itt :
| Szerző: | |
|---|---|
| Adatforrás: | Meister |
| Forrásdokumentuma: | Látó. - 2 sz., 1997, 88-90 p. |
| Nyelv: | magyar |
| Kulcsszavak: | politikai publicisztika-recenzió kisebbségi sors MAKKAI Sándor BÍBÓ István TOLNAI Ottó |
| LEADER | 00568nab a2200169 i 4500 | ||
|---|---|---|---|
| 001 | bibPRO00010250 | ||
| 008 | 060524s1997 xx hun | ||
| 040 | |a Sz1 | ||
| 041 | |a hun | ||
| 100 | 1 | |a MIKOLA Péter | |
| 245 | 1 | 0 | |a Szemle. Érdemes - nem érdemes? Lehet - nem lehet? Kisebbségi létértelmezések, 1937-1987-1995. Mentor Kiadó, Marosvásárhely, 1995 |c MIKOLA Péter |
| 695 | |a politikai publicisztika-recenzió | ||
| 695 | |a kisebbségi sors | ||
| 695 | |a MAKKAI Sándor | ||
| 695 | |a BÍBÓ István | ||
| 695 | |a TOLNAI Ottó | ||
| 773 | 0 | |t Látó. - |g 2 sz., 1997, 88-90 p. | |